| 000 | 00911nam a2200277 i 4500 | ||
|---|---|---|---|
| 001 | 8060 | ||
| 003 | ES-MaACL | ||
| 005 | 20250801131150.0 | ||
| 007 | t| | ||
| 008 | 910623s1991 sp ||||1| spa d | ||
| 020 | _a84-7658-282-X | ||
| 080 | _a141.82 | ||
| 080 | _a1 Gramsci | ||
| 100 | 1 |
_aDíaz-Salazar, Rafael. _944418 |
|
| 245 | 1 | 3 |
_aEl Proyecto de Gramsci / _cRafael Diaz Salazar ; prologo de Francisco Fernandez Buey. |
| 250 | _a1a ed. | ||
| 260 |
_aBarcelona : _bAnthropos : _b; Madrid : HOAC, _c1991. |
||
| 300 |
_a512 p. ; _c20 cm. |
||
| 490 | 1 |
_aPensamiento crítico/pensamiento utópico ; _v58 |
|
| 504 | _aBibliogr.: p. 471-506. | ||
| 600 | 1 | 4 |
_aGramsci, Antonio, _d1891-1937 _9241506 |
| 700 | 1 |
_aFernández Buey, Francisco. _949526 |
|
| 830 | 0 |
_aPensamiento crítico/pensamiento utópico ; _v58 _9177290 |
|
| 852 |
_aES-MaACL _jL-15315 _bR.119434 _z. - rust. |
||
| 999 |
_c8060 _d8060 |
||